00433 2200157 4500001002100000005001500021035002000036245008800056100000800144300002300152260003900175082001100214084001700225600000800242990002500250INLIS00000000000075320251118015738 a0010-11250003321 aPEDOMAN UMUM EJAAN BAHASA INDONESIA YANG DISEMPURNAKAN /cTim Redaksi Pustaka Setia0 aTim a92 hlm ;c15x21 cm aBandung :bCV PUSTAKA SETIA,c2005 a411.52 a411.52 TIM p04aTim a2008/SMKMIRI/299/005